| 000 | 00443nam a2200145 i 4500 | ||
|---|---|---|---|
| 001 | 45572 | ||
| 003 | ES-MaACL | ||
| 007 | t| | ||
| 008 | 030326s1908 gw ||||1| ger d | ||
| 100 | 1 |
_aCohn, Jonas. _939522 |
|
| 245 | 1 | 0 |
_aVoraussetzungen und Ziele der Erkennens Untersuchungen über die Grund fragen de Logik / _cvon Jonas Cohn. |
| 260 |
_aLeipzig : _bWilhelm Engelmann, _c1908. |
||
| 300 |
_a526 p. ; _c23 cm. |
||
| 852 |
_aES-MaACL _jG-2709 |
||
| 999 |
_c45572 _d45572 |
||